000 00931nam a2200229Ia 4500
003 IN-BaIIA
008 211028s9999 xx 000 0 eng d
020 _a1-58381-159-1
040 _cIIA Library
080 _a082.2:52
_bASP-309
111 _aSymposium on Astrophysics of Dust
_cUSA
_d2003 May 26-30
_929346
245 0 _aAstrophysics of dust
_bproceedings of an International symposium held at Estes Park, Colorado, USA, 26 - 30 May 2003
_cedited by A. N. Witt, G. C. Clayton and B. T. Draine
260 _aSan Francisco
_bAstronomical Society of the Pacific
_c2004
300 _axxvi, 812p.
490 _aASP conference series; v. 309
650 _aAstrophysics of dust
_929347
700 _aClayton, G. C., ed.
_929348
700 _aDraine, B. T. ed.
_929349
700 _aWitt, A. N., ed.
_929350
710 _aAstronomical Society of the Pacific
_91154
942 _cBK
999 _c15915
_d15915